Ing. Karel Čípa

Bibliographic Details
Format: Article
Language:Slovak
Czech
Subjects:

MARC

LEADER 00000nab a2200000 a 4500
001 vtls000638182
003 SK-MaSNL
005 20260304175423.0
008 250425c1994 xo 0 slo
015 |a SNBRB19rr/mm-uuuuu 
035 |a CL0638321 
035 |a (urnnbn)urn:nbn:sk:snk:ar-006s4b 
035 |a (uuid)af76d3a7-b261-4822-94a2-833d17be3727 
035 |a urn:nbn:sk:snk-ab89hw 
040 |a SNKBUCL  |b slo  |c SNKBUCL  |e AACR2 
041 0 |a cze 
044 |a xo  |c SK 
080 |a 528-051  |2 1981 
080 |a 929 Čípa, Karel  |2 1981 
245 0 0 |a Ing. Karel Čípa 
600 1 7 |a Čípa, Karel,  |d 1928-  |2 snkbucl  |9 258682 
655 7 |a články z novín a časopisov  |2 snkbucl  |9 267496 
773 0 |t Geodetický a kartografický obzor  |g Roč. 40/82, č. 1 (1994), s. 21 
850 |a Slovenská národná knižnica 
852 |a Slovenská národná knižnica 
954 |a odborná, vedecká literatúra cudzojazyčná (svetová)  |2 lita 
958 |a article9 
958 |a OND 
958 |a NX 
958 |a BC 
958 |a CZ 
958 |a RK 
958 |a EUIPO 
992 |a RBX 
999 |c 3013391  |d 3015321